000 00255nmm a2200085Ia 4500
008 220120s9999||||xx |||||||||||||||||und||
100 _aDigit
245 0 _aEssentials: Handbrake, Deluge, teamviewer, Libreoffice, easy
260 _aCoorg Institute of Technology
999 _c140100
_d140100